World Capitals - Exact Spelling - Statistics

General Stats
  • This quiz has been taken 143 times
  • The average score is 134 of 196
Answer Stats
country capital city % Correct
United Kingdom London
94%
Norway Oslo
94%
France Paris
94%
Italy Rome
94%
Greece Athens
92%
Germany Berlin
92%
Switzerland Bern
92%
Belgium Brussels
92%
Denmark Copenhagen
92%
Ireland Dublin
92%
Finland Helsinki
92%
Ukraine Kyiv
92%
Luxembourg Luxembourg
92%
Belarus Minsk
92%
Sweden Stockholm
92%
Netherlands Amsterdam
91%
Romania Bucharest
91%
Hungary Budapest
91%
Portugal Lisbon
91%
Spain Madrid
91%
Monaco Monaco
91%
Czechia Prague
91%
San Marino San Marino
91%
Bulgaria Sofia
91%
Vatican City Vatican City
91%
Poland Warsaw
91%
Cuba Havana
89%
Russia Moscow
89%
Austria Vienna
89%
China Beijing
87%
Mexico Mexico City
87%
Canada Ottawa
87%
Japan Tokyo
87%
Andorra Andorra la Vella
85%
Serbia Belgrade
85%
Israel Jerusalem
85%
Iceland Reykjavík
85%
Bosnia & Herzegovina Sarajevo
85%
Croatia Zagreb
85%
Jamaica Kingston
83%
India New Delhi
83%
Latvia Riga
83%
El Salvador San Salvador
83%
South Korea Seoul
83%
Iran Tehran
83%
Slovakia Bratislava
81%
Afghanistan Kabul
81%
North Korea Pyongyang
81%
Estonia Tallinn
81%
Albania Tirana
81%
Lithuania Vilnius
81%
United States Washington
81%
Thailand Bangkok
79%
Egypt Cairo
79%
Australia Canberra
79%
Peru Lima
79%
Slovenia Ljubljana
79%
Singapore Singapore
79%
Malta Valletta
79%
United Arab Emirates Abu Dhabi
77%
Iraq Baghdad
77%
Brazil Brasília
77%
Argentina Buenos Aires
77%
Moldova Chișinău
77%
Syria Damascus
77%
Kenya Nairobi
77%
Panama Panama City
77%
Macedonia Skopje
77%
Algeria Algiers
75%
Kosovo Pristina
75%
Georgia Tbilisi
75%
Liechtenstein Vaduz
75%
Pakistan Islamabad
74%
Kuwait Kuwait City
74%
Montenegro Podgorica
74%
South Africa Pretoria, Cape Town or Bloemfontein
74%
New Zealand Wellington
74%
Turkey Ankara
72%
Azerbaijan Baku
72%
Lebanon Beirut
72%
Indonesia Jakarta
72%
Uruguay Montevideo
72%
Taiwan Taipei
72%
St Vincent & the Grenadines Kingstown
70%
Tunisia Tunis
70%
Armenia Yerevan
70%
Belize Belmopan
68%
Guinea-Bissau Bissau
68%
Qatar Doha
68%
Guatemala Guatemala City
68%
Vietnam Hanoi
68%
Nicaragua Managua
68%
Philippines Manila
68%
Bahamas Nassau
68%
Cambodia Phnom Penh
68%
Haiti Port-au-Prince
68%
Costa Rica San José
68%
Libya Tripoli
68%
Kazakhstan Astana
66%
Colombia Bogotá
66%
Congo Brazzaville
66%
Venezuela Caracas
66%
Timor-Leste Dili
66%
Bolivia La Paz or Sucre
66%
Cyprus Nicosia
66%
Yemen Sana'a
66%
Uzbekistan Tashkent
66%
Honduras Tegucigalpa
66%
Seychelles Victoria
66%
Jordan Amman
64%
Kyrgyzstan Bishkek
64%
Bangladesh Dhaka
64%
Djibouti Djibouti
64%
Malaysia Kuala Lumpur
64%
Maldives Malé
64%
Sierra Leone Freetown
62%
South Sudan Juba
62%
Nepal Kathmandu
62%
Angola Luanda
62%
Oman Muscat
62%
Burkina Faso Ouagadougou
62%
Ecuador Quito
62%
Saudi Arabia Riyadh
62%
Chile Santiago
62%
Dominican Republic Santo Domingo
62%
São Tomé and Príncipe São Tomé
62%
Fiji Suva
62%
Nigeria Abuja
60%
Ghana Accra
60%
Madagascar Antananarivo
60%
Paraguay Asunción
60%
Sri Lanka Colombo
60%
Bahrain Manama
60%
Trinidad & Tobago Port-of-Spain
60%
Turkmenistan Ashgabat
58%
Guyana Georgetown
58%
Rwanda Kigali
58%
Congo (Dem Rep) Kinshasa
58%
Somalia Mogadishu
58%
Papua New Guinea Port Moresby
58%
Morocco Rabat
58%
Antigua & Barbuda Saint John's
58%
Mongolia Ulaanbaatar
58%
Laos Vientiane
58%
Ethiopia Addis Ababa
57%
Tajikistan Dushanbe
57%
Zimbabwe Harare
57%
Sudan Khartoum
57%
Gabon Libreville
57%
Malawi Lilongwe
57%
Suriname Paramaribo
57%
Benin Porto-Novo or Cotonou
57%
Namibia Windhoek
57%
Barbados Bridgetown
55%
Guinea Conakry
55%
Senegal Dakar
55%
Chad N'Djamena
55%
Cameroon Yaoundé
55%
Eritrea Asmara
53%
Mali Bamako
53%
Botswana Gaborone
53%
Mozambique Maputo
53%
Lesotho Maseru
53%
Swaziland Mbabane
53%
Mauritius Port Louis
53%
Dominica Roseau
53%
Bhutan Thimphu
53%
Brunei Bandar Seri Begawan
51%
St Lucia Castries
51%
Tanzania Dodoma
51%
Burundi Gitega
51%
Togo Lomé
51%
Myanmar Naypyidaw
51%
Palau Ngerulmud
51%
Côte d'Ivoire Yamoussoukro
51%
Central African Republic Bangui
49%
Uganda Kampala
49%
Zambia Lusaka
49%
Liberia Monrovia
49%
Mauritania Nouakchott
49%
Cabo Verde Praia
49%
Grenada Saint George's
49%
Gambia Banjul
47%
St Kitts & Nevis Basseterre
47%
Comoros Moroni
47%
Vanuatu Port Vila
47%
Niger Niamey
45%
Tuvalu Funafuti
43%
Equatorial Guinea Malabo
43%
Micronesia Palikir
43%
Kiribati South Tarawa
42%
Nauru Yaren
42%
Samoa Apia
40%
Solomon Islands Honiara
40%
Marshall Islands Majuro
40%
Tonga Nukuʻalofa
40%
No matching quizzes found
Score Distribution
Percent of People with Each Score
Percentile by Number Answered
Your Score History
You have not taken this quiz